| 000 | 02528nam a22002777a 4500 | ||
|---|---|---|---|
| 005 | 20091210100255.0 | ||
| 008 | 091210t xxu||||| |||| 00| 0 hind | ||
| 020 |
_a9788189496715 _c65.00 |
||
| 035 | _aB-373720-725 | ||
| 037 | _bआयुश पब्लिकेशन्स/PUB | ||
| 040 |
_aDPL _bHN |
||
| 082 | _aउ | ||
| 100 |
_aमुबीन, एम. _911810 |
||
| 245 |
_aरहस्यमय टापू / _cएम.मुबीन |
||
| 260 |
_aजयपुर _bआयुष पब्लिकेशन्स _cव.अ. |
||
| 270 |
_aदीप विला, डी-3-ए, विश्वविद्यालय, आशा पब्लिक स्कूल के पास, गोपालपुरा बाईपास _bजयपुर _e302018 _minfo@ayushpublications.com _k911414026291 |
||
| 300 |
_a80पृ _bसचित्र _c22सेमी (अजिल्द) |
||
| 942 |
_2ddc _cCH _hउ _mमुबीन |
||
| 999 |
_c32375 _d32375 |
||